| 000 | 00906nam a2200265 a 4500 | ||
|---|---|---|---|
| 001 | 000037756 | ||
| 003 | DO-SdBNP | ||
| 005 | 20240530073921.0 | ||
| 008 | 130305s2012 dr 000 0 spa d | ||
| 020 | _a9789945489255 | ||
| 040 |
_aDO-SdBNP _bspa _cBNPHU |
||
| 082 | 4 |
_222 _aRD863.44 _bH557mu |
|
| 100 | 1 |
_aHernández, Ángela, _d1954- _92564 |
|
| 245 | 1 | 0 |
_aMudanza de los sentidos / _cÁngela Hernández Nuñez ; edición al cuidado de Isabel Pérez |
| 260 |
_aSanto Domingo : _bSantuario, _c2012. |
||
| 300 |
_a123 p. ; _c24 cm. |
||
| 500 | _aIncluye datos biográficos de la autora en la solapa de la cubierta | ||
| 586 | _aPremio Nacional de Literatura 2016 | ||
| 590 | _aInventariado, 2021/MFF | ||
| 650 | 0 |
_aNovela dominicana _9223 |
|
| 650 | 4 |
_aLiteratura dominicana _979749 |
|
| 700 | 1 |
_a Pérez, Isabel _eed. _945439 |
|
| 910 | _aValidado. Control de calidad MFF | ||
| 942 |
_2ddc _cLBS1 |
||
| 999 |
_c37246 _d37246 |
||